ბათუმის შოთა რუსთაველის სახელმწიფო უნივერსიტეტის ბიბლიოთეკა

ანდაზის სტრუქტურულ-სემანტიკური და ეთნოკულტურულითავისებურებანი : (ბიბ.ჩანაწერი № 55447)

000 -ლიდერი
ფიქსირებული სიგრძის საკონტროლო ველი 01732nam a2200289Ia 4500
001 - საკონტროლო ნომერი
საკონტროლო ველი 22529
003 - საკონტროლო ნომრის იდენტიფიკატორი
საკონტროლო ველი GE_BSU
005 - ბოლო ოპერაციის თარიღი და დრო
საკონტროლო ველი 20210406142843.0
008 - ფიქსირებული სიგრძის მონაცემთა ელემენტები - ზოგადი ინფორმაცია
ფიქსირებული სიგრძის საკონტროლო ველი 181216s2016||||ge |||||||||||||| ||geo||
040 ## - კატალოგიზაციის წყარო
Transcribing agency GE_BSU
041 ## - ენის კოდი
Language code of text/sound track or separate title geo
080 ## - უნივერსალური ათობითი კლასიფიკაციის ინდექსი
Universal Decimal Classification number 81 ქ-20
100 ## - მთავარი ჩანაწერი - პიროვნების სახელი
Personal name ქამადაძე, ლელა
9 (RLIN) 11114
245 ## - ცნობა სათაურის შესახებ
Title ანდაზის სტრუქტურულ-სემანტიკური და ეთნოკულტურულითავისებურებანი :
Remainder of title ინგლისური და ქართული ანდაზების მიხედვით /
Statement of responsibility, etc ლელა ქამადაძე; სამეცნიერო ხელმძღვანელი ნინო დვალიძე; ბსუ.
264 ## - წარმოების, გამოცემის, დისტრიბუციის და სხვა ცნობები
გამოცემის, წარმოების, დისტრიბუციის... ადგილი ბათუმი,
გამოცემის, წარმოების, დისტრიბუციის... თარიღი 2017
300 ## - ფიზიკური აღწერა
Extent 184 გვ. ;
Other physical details ილ.
Dimensions 30 სმ.
300 ## - ფიზიკური აღწერა
Accompanying material ბიბლიოგრ. გვ. 173-184
504 ## - BIBLIOGRAPHY, ETC. NOTE
Bibliography, etc ბიბლიოგრ. გვ. 170-183
653 ## - INDEX TERM--UNCONTROLLED
Uncontrolled term ანდაზის სტრუქტურულ-სემანტიკური და ეთნოკულტურულითავისებურებანი
653 ## - INDEX TERM--UNCONTROLLED
Uncontrolled term ენათმეცნიერება
653 ## - INDEX TERM--UNCONTROLLED
Uncontrolled term ინგლისური და ქართული ანდაზების მიხედვით
653 ## - INDEX TERM--UNCONTROLLED
Uncontrolled term ფილოლოგია
653 ## - INDEX TERM--UNCONTROLLED
Uncontrolled term დისერტაცია
700 ## - ADDED ENTRY--PERSONAL NAME
Personal name დვალიძე, ნინო
Relator term სამეცნიერო ხელმძღვანელი
9 (RLIN) 10815
710 ## - ADDED ENTRY--CORPORATE NAME
Corporate name or jurisdiction name as entry element ბსუ
Subordinate unit ჰუმანიტარულ მეცნიერებათა ფაკულტეტი
9 (RLIN) 11115
942 ## - ADDED ENTRY ELEMENTS (KOHA)
Koha item type წიგნი
Source of classification or shelving scheme
ეგზემპლარები
ჩამოწერის სტატუსი დაკარგული ეგზემპლარის სტატუსი კლასიფიკაციის წყარო ან თაროზე გაწყობის სქემა დაზიანების სტატუსი არ გაიცემა მუდმივი მდებარეობა (დაცვის ადგილი) ამჟამინდელი ადგილსამყოფელი თაროზე განთავსების ადგილი შეძენის თარიღი სრული შენახვის შიფრი შტრიხკოდი ბოლო ოპერაციის თარიღი ეგზემპლარის მიმდევრობითი ნომერი (კეტერი?) ფასის ძალაში შესვლის თარიღი ეგზემპლარის სახეობა საჯარო შენიშვნა
          ბათუმის შოთა რუსთაველის სახელმწიფო უნივერსიტეტის მთავარი ბიბლიოთეკა ბათუმის შოთა რუსთაველის სახელმწიფო უნივერსიტეტის მთავარი ბიბლიოთეკა წიგნსაცავი 2018-12-17 81 ქ-20 237 დისერტ 2018-12-17 237 2018-12-17 დისერტაცია